QCM orthographe piègeuse - Statistiques

Statistiques générales
  • Ce quiz a été pris 164 fois
  • Le résultat moyen est 12 sur 15
Statistiques - réponses
Question Réponse % Correct
Trouve la bonne orthographe Aéroport
99%
Trouve la bonne orthographe Rythme
95%
Trouve la bonne orthographe Acquérir
94%
Trouve la bonne orthographe Appeler
89%
Trouve la bonne orthographe Girafe
88%
Trouve la bonne orthographe Hormis
87%
Trouve la bonne orthographe Connexion
86%
Trouve la bonne orthographe Malgré
85%
Trouve la bonne orthographe Parmi
82%
Trouve la bonne orthographe Professionnel
80%
Trouve la bonne orthographe Cauchemar
78%
Trouve la bonne orthographe Langage
77%
Trouve la bonne orthographe Soi-disant
66%
Trouve la bonne orthographe Gaufre
57%
Trouve la bonne orthographe Fatigant
33%
Aucun quiz correspondant
Distribution des résultats
% des personnes avec chaque résultat
Percentile par nombre de réponses
Votre historique - résultats
Vous n’avez pas pris ce quiz